000 01279naa a22003617a 4500
001 BR9301713
003 BR-BrBNA
005 20240918181025.0
007 ta
008 230509b bl.||||| |||| 00| 0 por d
040 _aBR-BrBNA
_bpor
_cBiblioteca Nacional de Agricultura
041 _a(Pt)
072 _aF30; H20
_b0180
_b4120
090 _aF30 BR9301713
100 1 _aLagos, M.B.
100 1 _aPompeu, J.M.C.
100 1 _aMairesse, L.A.S.
100 1 _aWaldman, L.
100 1 _aWestphalen, S.L.
111 1 _a13. Reuniao Nacional de Pesquisa de Trigo
_cCruz Alta, RS (Brazil)
_d16-20 Jul 1982
245 1 _aNovas cultivares de trigo criadas pelo IPAGRO - Secretaria da Agricultura e recomendadas para cultivo em 1984
260 3 _aPorto Alegre, RS (Brasil):
_c1984.
500 _a13. Reuniao Nacional de Pesquisa de Trigo Porto Alegre, RS (Brasil): 1984. p. 20-48 (BR9301713-AM)F30
650 _aTrigo
650 _aFerrugem do Colmo
650 _aVariedade Resistente
650 _aLinhagem
650 _aMelhoramento Genetico Vegetal
650 _aDoenca de Planta
773 0 _t13. Reuniao Nacional de Pesquisa de Trigo
_wF30 BR9301713
_gPorto Alegre, RS (Brasil), 1984. p. 20-48
909 _a202404
_bLucia
_c55
_dLucia Elande
942 _cAM
_2AGRIS
999 _c323238
_d323238